000 00692nam a2200241Ia 4500
003 OSt
005 20220926030222.0
006 a|||||r|||| 00| 0
007 ta
008 220923b |||||||| |||| 00| 0 eng d
037 _cGeneral Book
040 _aRTL
_cRTL
_beng
041 _2eng
_aeng
082 _aX:958.3.N8, M8
100 _aNovak Tony
_9333860
245 0 _aPoverty and the state
_b An historical sociology
260 _aPhiladelphia
_bOpen University Press
_c1988
300 _axi,212p
_ccm.
500 _aBibliography P 201-08
650 _aSocial Scurity
_9267934
942 _hX:958.3.N8, M8
_cGB
_2CC
999 _c649017
_d649017